Normal view
MARC view
- LEE, WILLIAM C. Y
Entry Personal Name
001 - CONTROL NUMBER
- control field: 57170
003 - CONTROL NUMBER IDENTIFIER
- control field: NUST
005 - DATE AND TIME OF LATEST TRANSACTION
- control field: 20210628201851.0
008 - FIXED-LENGTH DATA ELEMENTS
- fixed length control field: 210628|| aca||aabn | a|a d
040 ## - CATALOGING SOURCE
- Original cataloging agency: NUST
- Transcribing agency: NUST
100 ## - HEADING--PERSONAL NAME
- Personal name: LEE, WILLIAM C. Y
670 ## - SOURCE DATA FOUND
- Source citation: Work cat.: (NUST): LEE, WILLIAM C. Y, MOBILE COMMUNICATION ENGINEERING, 1982
